Des Pardes (Record no. 31730)
[ view plain ]
| 000 -LEADER | |
|---|---|
| fixed length control field | 01759ngm a2200373 4500 |
| 003 - CONTROL NUMBER IDENTIFIER | |
| control field | dpl |
| 005 - DATE AND TIME OF LATEST TRANSACTION | |
| control field | 20091112154730.0 |
| 007 - PHYSICAL DESCRIPTION FIXED FIELD--GENERAL INFORMATION | |
| fixed length control field | DVD |
| 008 - FIXED-LENGTH DATA ELEMENTS--GENERAL INFORMATION | |
| fixed length control field | ||||||sp199 xxu|||||c ||| 00| 0 ng d |
| 010 ## - LIBRARY OF CONGRESS CONTROL NUMBER | |
| LC control number | DVD-004518-4520 |
| 024 ## - OTHER STANDARD IDENTIFIER | |
| Terms of availability | 99.00 |
| 035 ## - SYSTEM CONTROL NUMBER | |
| System control number | DVD-004518-4520 |
| 040 ## - CATALOGING SOURCE | |
| Original cataloging agency | DPL |
| Transcribing agency | DPL |
| 082 ## - DEWEY DECIMAL CLASSIFICATION NUMBER | |
| Classification number | DVD / DESP |
| 245 ## - TITLE STATEMENT | |
| Title | Des Pardes |
| Statement of responsibility, etc | Dev Anand Presents |
| Medium | [videorecording] DVD/ |
| 260 ## - PUBLICATION, DISTRIBUTION, ETC. (IMPRINT) | |
| Name of publisher, distributor, etc | Shemaroo Video Pvt. Ltd. |
| 300 ## - PHYSICAL DESCRIPTION | |
| Extent | 1 videodisc DVD; |
| Other physical details | sd., col. ; |
| Dimensions | 4 3/4 in. |
| Type of unit | DVD |
| 440 ## - SERIES STATEMENT/ADDED ENTRY--TITLE | |
| Title | Shemaroo Home Entertainment |
| 500 ## - GENERAL NOTE | |
| General note | This is a Video CD with Digital Audio, Full Motion Video and Play Back Control suitable for Video CD players and Multimedia Pc's with MPEG card. |
| 500 ## - GENERAL NOTE | |
| General note | This title is complete with 2 discs Not to be sold individually |
| 538 ## - SYSTEM DETAILS NOTE | |
| System details note | Dolby Digital 5.1 - Hindi Subtitles: English |
| 650 ## - SUBJECT ADDED ENTRY--TOPICAL TERM | |
| Topical term or geographic name as entry element | Motion Picture |
| 700 ## - ADDED ENTRY--PERSONAL NAME | |
| Personal name | Anand, Dev |
| 700 ## - ADDED ENTRY--PERSONAL NAME | |
| Personal name | Roshan, Rajesh |
| 700 ## - ADDED ENTRY--PERSONAL NAME | |
| Personal name | Tina Munim |
| 700 ## - ADDED ENTRY--PERSONAL NAME | |
| Personal name | Pran |
| 700 ## - ADDED ENTRY--PERSONAL NAME | |
| Personal name | Amjad Khan |
| 700 ## - ADDED ENTRY--PERSONAL NAME | |
| Personal name | Ajit |
| 942 ## - ADDED ENTRY ELEMENTS (KOHA) | |
| Koha item type | CD-ROMs, DVDs, VHS |
| Source of classification or shelving scheme | Dewey Decimal Classification |
| Classification part | DVD |
| Call number suffix | DESP |
| Withdrawn status | Lost status | Source of classification or shelving scheme | Damaged status | Not for loan | Home library | Current library | Date acquired | Source of acquisition | Cost, normal purchase price | Total Checkouts | Total Renewals | Full call number | Barcode | Date last seen | Date checked out | Copy number | Cost, replacement price | Price effective from | Koha item type |
|---|---|---|---|---|---|---|---|---|---|---|---|---|---|---|---|---|---|---|---|
| Dewey Decimal Classification | Janak Puri | Janak Puri | 12/11/2009 | Pioneers/885/29-10-09/325/13-10-09 /06-11-09 | 99.00 | 7 | 1 | DVD DESP | DVD-004518 | 05/02/2014 | 17/01/2014 | 1 | 99.00 | 12/11/2009 | CD-ROMs, DVDs, VHS | ||||
| Dewey Decimal Classification | R.K.Puram-8 | R.K.Puram-8 | 12/11/2009 | Pioneers/885/29-10-09/325/13-10-09 /06-11-09 | 99.00 | DVD DESP | DVD-004519 | 12/11/2009 | 1 | 99.00 | 12/11/2009 | CD-ROMs, DVDs, VHS | |||||||
| Dewey Decimal Classification | Vinoba Puri | Vinoba Puri | 12/11/2009 | Pioneers/885/29-10-09/325/13-10-09 /06-11-09 | 99.00 | 3 | DVD DESP | DVD-004520 | 27/05/2011 | 12/05/2011 | 1 | 99.00 | 12/11/2009 | CD-ROMs, DVDs, VHS |
